000 00570nam a2200145 a 4500
008 940722s1950 pau c 000 0 eng d
100 _aNational Philatelic Museum
245 1 0 _aScandinavia stamp exhibition :
_bfeaturing freedom centennial, Virgin Islands.
260 _a[Philadelphia] :
_bNational Philatelic Museum,
_c[1950]
490 0 _aOfficial bulletin / National Philatelic Museum ;
_vv. 1, no. 12
500 _aCover title.
650 0 _aPostage stamps
_zScandinavia
650 0 _aPostage stamps
_zVirgin Islands of the United States
999 _c2114
_d2114